00509nam a2200145Ia 4500008004100000020001800041050002300059100002400082245012100106250001200227260004300239300002100282500005100303521000900354140609s9999 xx 000 0 und d a9781412981088 aHD 58.7b.D77 2011 aDriskill, Gerald W. aOrganizational culture in action :ba cultural analysis workbook / cGerald W. Driskill, Angela Laird Brenton a2nd ed. aThousand Oaks, Calif. :bSAGE,cc2011. a239 p. ;c28 cm. aIncludes bibliographical references and index. aBSBA